|
|
|
|
| LEADER |
00000nab a2200000uu 4500 |
| 001 |
vtls010901893 |
| 003 |
SK-MaSNL |
| 005 |
20260303142442.0 |
| 008 |
230222|2007 xo |||||||||||||||||slo| |
| 015 |
|
|
|a SNBRB
|
| 035 |
|
|
|a (urnnbn)urn:nbn:sk:snk:ar-a07nki
|
| 035 |
|
|
|a (uuid)f4f937f4-b06e-4f5a-b109-359e5f4ee46f
|
| 035 |
|
|
|a urn:nbn:sk:snk-ab8ta4
|
| 040 |
|
|
|a SNKBUCL
|b slo
|c SNKBUCL
|e AACR2
|
| 041 |
0 |
|
|a slo
|
| 044 |
|
|
|a xo
|c SK
|
| 100 |
1 |
|
|a Slovíková, Mária
|4 aut
|9 11916
|
| 245 |
1 |
0 |
|a PROJEKTY PREDLOŽENÉ A SCHVÁLENÉ RADOU PROTIDROGOVÉHO FONDU V ROKU 2006
|c Mária Slovíková A Kolektív
|
| 773 |
0 |
|
|t Prevencia : informačný bulletin zameraný na prevenciu sociálno-patologických javov v rezorte školstva
|g Roč. 6, č. 2 (2007), s. 49-58
|
| 954 |
|
|
|a odborná, vedecká literatúra pôvodná (slovenská)
|2 lita
|
| 958 |
|
|
|a OND
|
| 958 |
|
|
|a EUIPO
|
| 958 |
|
|
|a article10
|
| 999 |
|
|
|c 1982999
|d 1984929
|